| 000 | 01250nam a2200265 a 4500 | ||
|---|---|---|---|
| 001 | 000030364 | ||
| 005 | 20240408175713.0 | ||
| 008 | 110511s2009 dr g 000 0 spa d | ||
| 020 | _z9789993442974 | ||
| 040 |
_aDO-SdBNP _bspa _cBNPHU |
||
| 082 |
_a972.93697 _bM779v |
||
| 100 | 1 |
_aMontesano, Ariosto, _d1949- _957008 |
|
| 245 | 1 | 0 |
_aVivencias y ocurrencias veganas : _bpersonajes y anécdotas / _cAriosto Montesano ; prólogo Ramón González Hardy. |
| 260 |
_aSanto Domingo : _bEdiciones Ferilibro, _fCorripio _c2009. |
||
| 300 |
_a74 p. ; _c23 cm. |
||
| 500 | _aIncluye datos biográficos del autor en la solapa de la cubierta. | ||
| 504 | _aBibliografía : p. 71. | ||
| 505 | 0 |
_gPrólogo / _rRamón González Hardy -- _tIntroducción -- _tEl 3 en La Vega -- _tAnécdotas -- _tPersonajes -- _tBreves memorias -- _tNotas deportivas -- _tTest para saber si ud. es Vegano (vieja generación) -- _tObras consultadas. |
|
| 650 | 4 |
_aCiudades y pueblos _zRepública Dominicana _9784 |
|
| 651 | 0 |
_a Concepción de la Vega (Republica Dominicana ) _92180 |
|
| 651 | 4 |
_aLa Vega (República Dominicana{Rpara} _xVida Social Y Costumbres _98244 |
|
| 700 | 1 |
_aGonzález Hardy, Ramón, _epról. _957009 |
|
| 910 | _aValidado. Control de calidad EMS. | ||
| 049 | _aBNPD | ||
| 999 |
_c29856 _d29856 |
||